Thăng Long ký; Trường thiên tiểu thuyết lịch sử

Salvato in:
Dettagli Bibliografici
Autore principale: Nguyễn Khắc Phục
Natura: Libro
Lingua:Undetermined
Pubblicazione: H. Thanh Niên 2004
Soggetti:
Tags: Aggiungi Tag
Nessun Tag, puoi essere il primo ad aggiungerne! !
Thư viện lưu trữ: Trung tâm Học liệu Trường Đại học Cần Thơ
LEADER 00572nam a2200193Ia 4500
001 CTU_59576
008 210402s9999 xx 000 0 und d
020 |b 57000 
082 |a 895.9223081 
082 |b Ph506/T1 
100 |a Nguyễn Khắc Phục 
245 0 |a Thăng Long ký; Trường thiên tiểu thuyết lịch sử 
245 0 |c Nguyễn Khắc Phục 
260 |a H. 
260 |b Thanh Niên 
260 |c 2004 
650 |a historical fiction, vietnamese 
904 |i Minh 
980 |a Trung tâm Học liệu Trường Đại học Cần Thơ